03058nmm a22003497a 4500001000700000003000800007005001700015007000300032008004100035040003000076100003400106245016200140264007500302300001800377500013900395502009000534516008800624520159200712650003002304650002502334650003502359650003002394650003402424650002602458650002602484653002802510653002702538653002602565653004102591653002302632700005302655046816UAHC_CL20260507122404.0ta260507s2024 cl o d000 spspa d aUAHC_CLcUAHC_CLdUAHC_CL aSánchez Moreno, Sebastián13aLa construcción del currículum y su impacto en la identidad territorialcSebastián Sánchez Moreno ; profesor guía Fabian E. González Calderón. aSantiago, Chile :bUniversidad Academia de Humanismo Cristiano,c2024. a57 páginas. aTesis para optar al grado de Licenciado en Educación y al Título de Profesor en Educación Media de Historia y Ciencias Sociales. aTesis (Pedagogía en Historia) -- Universidad Academia de Humanismo Cristiano, 2024. aTesis electrónica (PDF). Solicitar envío de documento a biblioteca@academia.cl. aEl presente trabajo aborda la relevancia del contexto curricular en el sistema educativo chileno, destacando la coexistencia de diversas realidades culturales y territoriales que influyen en los procesos de enseñanza. Se plantea que los docentes enfrentan la disyuntiva entre seguir el currículum oficial o adaptarlo a las experiencias cotidianas de los estudiantes, promoviendo una enseñanza más contextualizada. Aunque han existido avances en esta línea, como el paso desde los Contenidos Mínimos Obligatorios a las Bases Curriculares, aún persiste una rigidez que limita la integración efectiva de los contextos locales. Esta situación contribuye a la reproducción de desigualdades, evidenciadas en la diferencia entre establecimientos céntricos y periféricos. Los primeros cuentan con mejores condiciones y logran mayores resultados académicos, mientras que los segundos, ubicados en contextos vulnerables urbanos o rurales, enfrentan mayores dificultades de acceso, recursos y continuidad educativa. El texto propone la contextualización curricular como una estrategia para reducir estas brechas, fortaleciendo el vínculo entre escuela, comunidad y experiencias del estudiantado. En este sentido, disciplinas como la historia pueden contribuir al rescate de identidades locales y memorias colectivas. Finalmente, la investigación busca analizar experiencias docentes y tensiones entre teoría y práctica, con el fin de aportar a la construcción de un sistema educativo más equitativo, pertinente y conectado con la realidad de los estudiantes. 0aEducaciónxCurrículum 0aPolítica educativa 0aEducaciónxAspectos sociales 0aEducación multicultural 0aPrácticas de la enseñanza 0aEscuelas comunitarias 0aHistoriaxEnseñanza aAdaptación curricular aContexto sociocultural aEducación pública aEducación en contextos vulnerables aBrechas educativas aGonzález Calderón, Fabiáneprofesor guía